[Event "DDM A - Mahrla B"]
[Site "?"]
[Date "2005.04.07"]
[Round "11"]
[White "Stross, Frantisek"]
[Black "Strnad, Josef"]
[Result "1-0"]
[WhiteElo "2276"]
[BlackElo "2034"]
[Annotator "Frantisek Stross"]
[PlyCount "53"]
[EventDate "2000.12.01"]

1. d4 e6 {Prekvapeni, cekal jsem Grunfelda.} 2. e4 {Na rozdil od vetsiny hracu
DDM, ja se Francie nebojim. Naopak hraju proti ni velice rad, protoze podle
meho nazoru se jedna o podradne zahajeni!} d5 3. Nc3 Bb4 4. e5 c5 5. dxc5 {
Velice jedovata varianta, se kterou mam zatim ve vaznych partii 100% uspesnost.
} Bxc3+ 6. bxc3 Qc7 7. Nf3 Ne7 8. Bd3 Nd7 9. O-O Nxc5 ({
Nebyl jsem si jist jake pokracovani zvolim po} 9... Nxe5 $5 {, ale citil jsem,
ze za ztraceneho centralniho pesce ma bily vybornou kompenzaci. Souper o brani
na e5 ani neuvazoval.}) 10. Re1 Bd7 (10... h6 11. Nd4 O-O 12. Bd2 Nxd3 13. cxd3
$14 {Hodgson - Ryan, Londyn 1989}) (10... O-O $2 11. Bxh7+) 11. Ba3 Rc8 12. Rb1
Nxd3 $2 {Sice zbavuje bileho silneho strelce na d3, ale nyni bude cerneho
silne terorizovat monstrum na a3.} (12... b6 $142) 13. cxd3 b5 {
Tento tah se mi nelibi, ale pozice cerneho uz je i tak hodne nepohodlna.} 14.
Bd6 $1 {Zahrano po dlouhem premysleni.} ({Zrejma strategicka vyhoda po} 14.
Bxe7 Kxe7 15. Rc1 {s dalsim Jd4 uz mi byla malo.}) 14... Qxc3 15. Nh4 $1 {
Teprve po nalezeni tohoto tahu jsem se odvazil k predeslemu tahu strelcem.
Bily otevira pristupove cesty dame na kralovske kridlo a zaroven znemoznuje
cernemu tah Jf5 s napadenim meho skveleho strelce na d6. A navic jezdec na h4
v sobe skryva netusenou aktivitu.} g5 $2 {Tento tah jsem videl, ale
nepredpokladal jsem, ze by ho souper mohl zahrat. Z pozicniho hlediska je
sileny.} ({Nejlepsi bylo} 15... Ng6 {ale i tak s jasnou vyhodou bileho, ktery
ma k dispozici nekolik nadejnych moznosti. V podobnych pozicich nezalezi tolik
na poctu pescu jako na aktivite strelcu. A ta je propastna.} 16. Qh5 Qxd3 17.
Rbd1 Qc2 $8 18. Nxg6 Qxg6 19. Qh4 f6 20. Qd4 {se skvelou utocnou pozici.}) 16.
Qf3 Ng8 {Co jineho?} (16... gxh4 17. Bxe7 {
je na prvni pohled za cerneho beznadejne.}) 17. Qg3 $2 {Tento tah jsem
planoval jiz v predstihu a proto mi unikly dokonce dve kombinacni cesty
vedouci k rychle vyhre.} (17. Nf5 $5 exf5 18. e6 Bxe6 19. Be5 $18) (17. Qh5 $1
{Nejenergictejsi.} Qd2 (17... gxh4 18. Qg5 {
a proti hrozbe Dg7 nema cerny obranu.}) (17... h6 18. Nf5 $1 $18) 18. Nf5 $1
exf5 19. e6 {s rozhodujicim utokem.}) 17... Qd2 $1 {To jsem prehledl.} ({Po} 
17... h6 {prijde necekane} 18. Ng6 $3 fxg6 19. Qf3 $18) 18. Nf3 (18. Nf5 $5 {
uz zde neni tak silne.} exf5 (18... Qf4 19. Ng7+ Kd8 20. Qh3 $16) 19. e6 Bxe6
20. Qe5 Qc3 (20... Rc2 21. Rf1 Kd7 22. Qxh8 Kxd6 23. Qxg8 $16) 21. Qxc3 (21. d4
Ne7 22. Qxh8+ Kd7 {a bily ztraci sveho strelce na d6.}) 21... Rxc3 22. Be5 Rxd3
23. Bxh8 $14) 18... Qxd3 $2 {
Tak tim me souper potesil. Bez dam by jeste mohl doufat v uspesnou obranu.} (
18... Qf4 19. Nxg5 ({Behem partie jsem planoval} 19. Qxf4 gxf4 20. Rec1 $44)
19... Qxg3 20. fxg3 $14) 19. Qxg5 Qg6 20. Qe3 Ne7 21. Qxa7 Rg8 22. g3 Nf5 23.
Rbc1 $1 {Rozhodujici tah.} Nxd6 24. exd6 Qf6 25. Ne5 Qd8 26. Nxd7 Rg7 {
Tento tah jsem nepochopil. Ocekaval jsem variantu} (26... Rxc1 27. Rxc1 Qxd7
28. Rc8+ Qxc8 29. Qe7# {nebo vzdani partie.}) 27. Rxc8 {1:18 1:16} 1-0

[Event "DDM A - Mahrla B"]
[Site "?"]
[Date "2005.04.07"]
[Round "11"]
[White "Hacaperkova, Lenka"]
[Black "Zamboch, Roman"]
[Result "1/2-1/2"]
[WhiteElo "1917"]
[BlackElo "2056"]
[PlyCount "25"]
[EventDate "2005.01.13"]
[SourceDate "2005.01.13"]

1. e4 c6 2. d4 d5 3. exd5 cxd5 {Nevedela jsem jaky system zvolit. Nakonec jsem
se rozhodla pouzit system se Sd3 a h3 a hrat na spatneho souperova belopolneho
strelce. A navic se mi tento system uz osvedcil letos v druzstvech.} 4. Bd3 Nf6
5. h3 e6 6. Nf3 Be7 7. c3 O-O 8. O-O Nbd7 9. Bf4 Re8 10. Re1 a6 11. Nbd2 b5 12.
Ne5 Nxe5 13. dxe5 {Z lenosti jsem nabidla remizu.} 1/2-1/2

[Event "DDM A - Mahrla B"]
[Site "?"]
[Date "2005.04.07"]
[Round "11"]
[White "Ryvova, Anna"]
[Black "Nemec, Jan"]
[Result "0-1"]
[WhiteElo "1887"]
[BlackElo "1882"]
[PlyCount "42"]
[EventDate "2005.??.??"]

1. e4 e5 2. Nf3 Nc6 3. Bb5 a6 4. Ba4 Nf6 5. O-O Nxe4 6. d4 exd4 $2 {
Zamerne zahrana chyba.} 7. Re1 d5 8. Nxd4 Bd6 9. g3 $2 (9. Nxc6 Bxh2+ 10. Kh1
Qh4 11. Rxe4+ dxe4 12. Qd8+ Qxd8 13. Nxd8+ Kxd8 14. Kxh2 Be6 15. Be3 $16) 9...
O-O 10. Nxc6 Qf6 $1 11. Be3 $2 (11. Qd4 bxc6 12. Qxf6 Nxf6 13. Bxc6 Rb8 $11)
11... bxc6 12. Bxc6 Bxg3 $1 $17 13. fxg3 (13. Bxa8 Bxf2+ 14. Bxf2 (14. Kh1 Bxe1
15. Qxe1 $2 Qf3+ 16. Kg1 Bh3 $19) (14. Kg2 Qg6+ 15. Kf1 Bh3+ 16. Ke2 Bg4+ $19)
(14. Kf1 Bxe3+ 15. Kg2 Qg5+ 16. Kf1 Qg1+ 17. Ke2 Qf2+ 18. Kd3 Nc5+ 19. Kc3 Qf6+
20. Kb4 Qxb2+ 21. Ka5 Qb5#) 14... Qxf2+ 15. Kh1 Bh3 16. Rg1 Qf6 17. Rg2 Rxa8
18. Nc3 Bxg2+ 19. Kxg2 $19) (13. hxg3 Qxc6 $17 {Je asi nejmensi zlo.}) 13...
Qxc6 14. Nd2 $6 {Co ale mela chudak hrat?} Nxd2 $1 15. Qxd2 d4 $1 {
Obet pesce za uvolneni smrtici diagonaly.} 16. Bxd4 Bb7 17. Kf1 Qh1+ 18. Bg1
Rad8 19. Qf2 Rd6 20. Ke2 Re8+ 21. Kf1 Red8 $19 {Posledni jemnost.} (21... Rf6
$4 22. Rxe8#) 0-1

[Event "DDM A - Mahrla B"]
[Site "?"]
[Date "2005.04.07"]
[Round "11"]
[White "Bobrakov, Alexander"]
[Black "Hacaperka, Michal"]
[Result "1-0"]
[WhiteElo "1668"]
[BlackElo "1915"]
[PlyCount "65"]
[EventDate "2005.??.??"]

1. Nf3 Nf6 2. c4 d6 3. d4 g6 4. Nc3 Bg7 5. e4 O-O 6. Be2 e5 7. d5 a5 8. O-O ({
Joe Gallagher:} 8. Bg5 h6 9. Bh4 Na6 10. Nd2 Qe8 {Cerny muze prevest jezce na
h7 a hrat f5 s utocnymi sancemi na kralovskem kridle.}) 8... Na6 9. Ne1 Nc5 10.
Bf3 Ne8 {s pripravou f5. Mozna lepsi bylo hrat s umistenim jezdce na h7.} 11.
Nd3 b6 (11... Nxd3 12. Qxd3 f5) 12. Nxc5 bxc5 $6 {Brani druhym pescem je
urcite lepsi, na d6 se usadi cerny jezdec a bude mit pod kontrolou dulezite
body na sachovnici. Po vymene pescu f7 za e4 se mi ale nelibil slaby pesec e5.}
(12... dxc5) 13. a4 f5 14. Bd2 Nf6 15. Qe1 {Bily miri na slabinu a5, ktera se
da tezko kryt. Nechal jsem pesce a vsadil na utok na kralovskem kridle.} f4 16.
Nb5 g5 17. Bxa5 Rf7 18. b4 {
Kryje cernopolneho strelce. Po g4 a ustupu Sf3 mohl cerny dobrat pesce na e4.}
g4 19. Bd1 Nxe4 {S dvanacti minutama na hodinach s pescem mene jsem se rozhodl
obetovat jeste jezdce.} 20. Bxc7 (20. Qxe4 Bf5 21. Qe1 e4 22. Ra3 f3 {
tuhle pozici jsem mel na mysli pri obeti kone. Hrozi Dh4, Se5 a Dh3.} 23. bxc5
Qh4 24. Bc3 {ale bily se v klidu ubrani. Bylo ale tezke vse zhodnotit.}) 20...
Rxc7 ({zajimave je i toto pokracovani, ale pokud bily neudela hrubou chybu,
bezproblemu vyhraje.} 20... Qh4 21. Qxe4 Bf5 22. Qe1 e4 23. Ra3 Rxc7 24. Nxc7
f3 25. Nxa8 Be5 26. h3 gxh3 27. g3 h2+ 28. Kh1 Bh3 29. Rg1 hxg1=Q+ 30. Kxg1 Qh5
31. Qxe4) 21. Nxc7 Ng5 22. Nxa8 e4 23. Ra3 f3 24. bxc5 Be5 25. cxd6 Nh3+ (25...
fxg2 26. Kxg2 Nf3 27. Rxf3 gxf3+ 28. Kh1 {kdepak, cerny tak nikdy nic nema.})
26. Kh1 Qh4 27. g3 Qh6 28. Qxe4 Bxd6 29. Qe8+ Kg7 30. Qxc8 Bxa3 {Vse probihalo
v oboustranne casove tisni, bily mohl udelat chybu. Mohl jsem vzdat hned, ale
ze setrvacnosti jsem udelal jeste dva tahy.} 31. Qxg4+ Kh8 32. Qxf3 Bc5 33. Qh5
{A cerny se vzdal.} 1-0